According to Netflix: Rom-Coms Quiz Stats

 Plays Quiz Updated Dec 20, 2016

Support Sporcle.
Go Orange.
Score 0/30 Timer 08:00
2 Plays Today
% Correct
13 Going on 30
91.8%
50 First Dates
88.7%
Forgetting Sarah Marshall
86.1%
What Women Want
85.9%
How to Marry a Millionaire
84.5%
Pretty Woman
83.6%
Friends with Benefits
83.4%
Clueless
83.2%
The Proposal
82.6%
Midnight in Paris
82%
The Other Woman
81.9%
Seeking a Friend for the End of the World
78.6%
This Is 40
78.5%
The Bounty Hunter
77.9%
Love & Other Drugs
77.7%
% Correct
TiMER
76.4%
Annie Hall
75.4%
While You Were Sleeping
73.3%
Breakfast at Tiffany's
72.1%
Don Jon
71.7%
Silver Linings Playbook
70.9%
Rumor Has It
67.1%
Just Go with It
67%
Did You Hear About the Morgans?
66.8%
Chasing Amy
60.5%
Serendipity
57.3%
Along Came Polly
57.2%
Just Friends
57.1%
Bridget Jones's Diary
51.6%
The Switch
47%

You're not logged in!

Compare scores with friends on all Sporcle quizzes.
OR
Log In
Forgot?

From the Vault

5x5 Word Blitz

by slipkid

What are we going to do with all these five letter words? They'll all spoil eventually, right?
Remove Ads.
Support Sporcle.
Get the best of Sporcle when you Go Orange. This ad-free experience offers more features, more stats, and more fun while also helping to support Sporcle. Thank you for becoming a member.

Show Comments

Extras

Top Quizzes Today


Score Distribution

Your Account Isn't Verified!

In order to create a playlist on Sporcle, you need to verify the email address you used during registration. Go to your Sporcle Settings to finish the process.

Report this User

Report this user for behavior that violates our Community Guidelines.

Details: